MDQL
is popping MORE tags! Check the
thread
!
Quizzes
Events
Quiz Creation
Community
Videos
Private Events
Remove Ads
Sign In
Join for FREE
Feedback
Dark Mode
Quiz Categories
Sports
Geography
Music
Movies
Television
Just For Fun
Miscellaneous
History
Literature
Language
Science
Gaming
Entertainment
Religion
Holiday
For Kids
Quiz Lab
Recent
Popular Today
Quiz Kudos Today
Editor Picks
Curator Picks
Quizzes by...
Day
Popularity
Type
Ratings
Length
Year
Community
Subscriptions
Recent Discussions
Orange Saloon
Badges
Playlists
Quests
Create
Leaderboards
Showdown
Live 5
Trivia Bingo
Activity
Puzzle Library
Sporcle Events
Private Events
Virtual Trivia
Globe League
Become a Host
Pub Owners
SporcleCon
Opinionation
Our Games
Videos
Blog
Mobile Apps
Partnerships
Remove Ads and Go Orange
Feedback
Entertainment
Celebrity
Famous
Musical
Broadway
Show
Quote
Comic Books
Anime
Superhero
DC Comics
Marvel
Cartoons
Animation
Entertainment
Celebrity
Famous
Musical
Broadway
Show
Quote
Comic Books
Anime
Superhero
DC Comics
Marvel
Cartoons
Animation
Random Quiz
Search Sporcle
×
Quiz Lab
Quiz Lab
Entertainment
Marvel
Type in answers that appear in a list
Type in answers that appear in a list
Classic
Best Score? Go Orange.
Marvel: Cover Appearances: Spider-Woman Stats
Can You Name The Marvel Characters That Shared The Most Front Cover Appearances With Spider-Woman?
By
Sepa
7m
46 Questions
280 Plays
280 Plays
280 Plays
Comments
Comments
Give Quiz Kudos
Give Quiz Kudos
-
- Ratings
hide this ad
More Info
Replay
Link that replays current quiz
Next Quiz
Link to next quiz in quiz playlist
You Got
0%
They Got
Avg Score
67%
Avg Friend Score
Upgrade to see
Score Distribution
Jump to the score distribution portion of the page
Score
0/46
Timer
07:00
0
Plays Today
Rank
Spider-Woman Characters
% Correct
36.
Doctor Octopus (Spider-Man)
98.1%
2.
Spider-Man (Peter Parker)
97.9%
1.
Spider-Woman (Jessica Drew)
92.9%
3.
Iron Man (Tony Stark)
91.8%
6.
Captain America (Steve Rogers)
88.9%
12.
Winter Soldier ('Bucky' Barnes)
88.9%
10.
Hulk
86.4%
7.
Thor
85.4%
8.
Captain Marvel (Carol Danvers)
85%
5.
Wolverine
83.9%
4.
Hawkeye (Clint Barton)
83.6%
9.
Black Widow (Natalia Romanova)
81.1%
13.
Thing
78.6%
11.
Luke Cage (Power Man)
77.5%
15.
Iron Fist
76.4%
22.
Dr. Henry Pym
75%
17.
Cyclops
74.3%
33.
Invisible Woman
73.9%
20.
She-Hulk (Jennifer Walters)
73.9%
29.
Daredevil
73.6%
27.
Wasp (Janet van Dyne)
73.2%
14.
Storm
72.5%
35.
Beast
71.4%
Rank
Spider-Woman Characters
% Correct
39.
Iceman
70.4%
43.
Marvel Boy (Noh-Varr)
69.6%
19.
Scarlet Witch
68.9%
21.
Colossus
68.2%
25.
Captain America (Falcon)
66.8%
46.
Angel (Archangel)
66.4%
26.
Black Panther (T'Challa)
65%
18.
Doctor Strange
65%
30.
Rogue
62.9%
28.
Vision (Victor Shade)
61.8%
44.
Mister Fantastic
60.7%
32.
Namor the Sub-Mariner
58.9%
34.
Shadowcat
56.8%
45.
Venom Symbiote
52.5%
24.
Mockingbird
50.4%
23.
Tigra
48.9%
16.
Red Hulk (General Ross)
48.2%
37.
Hercules
47.5%
31.
Emma Frost (White Queen)
42.5%
41.
Valkyrie (Brunnhilde)
37.5%
38.
Deadpool
31.8%
42.
Captain Universe
11%
40.
Shroud
8.6%
Quiz Playlist
Details
Report
Send in Message
Add To Playlist
More Info:
10 FRONT COVER APPEARANCES NEEDED. THINK AVENGERS, FANTASTIC FOUR & X-MEN (US REPRINTS INCLUDED)
Classic:
Type in answers that appear in a list
Quiz Source
Last Updated: Jun 25, 2023
Quiz Scoreboard
CHALLENGE
Sign Up to Join the Scoreboard
Show All
Scores
Hide
Comments
May contain spoilers
Recently Published
1-10 Letter E Words III
by El_Dandy
Language
2m
Street Fighter Characters
by Artimus82
Gaming
60s
College Basketball Coaching Resumes
by pancakes188
Sports
9m
More to Explore
Quiz From the Vault
Featured Blog Post
Where Did the Easter Bunny Come From?
hide this ad
You Might Also Like...
Tags
Marvel Quiz
appearance
Character
Cover
front
Marvel Characters
Most
Shared
Today's Top Quizzes in Entertainment
Browse Entertainment
hide this ad
Today's Top Quizzes in Marvel
Browse Marvel
Top Contributed Quizzes in Entertainment
1
7-to-1: DC Comics Villains
2
Marvel Characters Bunker
3
Dragon Ball Z: Goku's Fights in Order
4
Eurovision 2023 Logic Puzzle
5
Sorting Pictures: Villains
6
Criteria Quickie: Cartoon Taxonomy II
7
7-to-1: One Piece
8
Mini Trivia Sudoku: Musicals
9
One Piece Characters Order of Appearance
10
Click the Cartoon Scott
Explore More
Trending Topics
Marvel
Kpop
Anime
Harry Potter
Crossword
Disney
NBA
Soccer
Country
Pokémon
NFL
WWE
Puzzle
The Office
Song
hide this ad
More By:
Sepa
Quiz
Plays
Rating
Category
Featured
Created
Marvel Characters (A-Z)
218,212
4.22
Entertainment
May 5, 2011
Marvel: Most Published Characters 1-100
181,452
4.44
Entertainment
May 1, 2010
NBA Double-Double Averages (2000-2010)
146,211
4.30
Sports
Dec 1, 2010
DC Comics: Most Published Characters 1-100
93,400
3.97
Entertainment
Jan 3, 2011
1970s World History
91,163
4.23
History
Feb 3, 2010
Go to Creator's Profile
Score Distribution
Quiz Creator Spotlight
Sepa
Follow
Send a Message
Quizzes Created
-
Created Quiz Play Count
-
More By This Creator
Popular Quizzes Today
1
Find the US States - No Outlines Minefield
2
Find the Countries of Europe - No Outlines Minefield
3
The Countries of the World
4
Find the US States
5
Risky Map Clicking: Biggest States A-Z
6
US States
7
Popular People in 1961
8
Movies - When Are They Set?
More Entertainment Quizzes
Comic Book Character by Two Actor Portrayals
Published
Trending Quizzes
Risky Map Clicking: Least Populous States A-Z
1-10 Letter G Words
1-10 Letter F Words
Countries of the World: 200 Million BC
Risky Map Clicking: Next State Alphabetically
Recently Updated
Beyoncé Albums
pecheneg
Leaping Animals
pecheneg
Reality TV Shows (A-Z)
bhenderson79
Rickey Henderson's Hall of Fame Teammates
pecheneg
Champions League XIs: Arsenal
pecheneg
Quick Pick: Celebrities in WWE's Hall of Fame
aduchscher
A-Z Keypad Blitz II
pecheneg
Multiple Oscar Actors
pecheneg
Mystery Phrase Blitz: Oscar 'Best Actors'
pecheneg
F. Scott Fitzgerald Novels
LTH
Trending Topics
Harry Potter
Kpop
Crossword
Disney
Marvel
NBA
Anime
The Office
Song
Pokémon
Soccer
Country
NFL
WWE
Puzzle
Your Account Isn't Verified!
In order to create a playlist on Sporcle, you need to verify the email address you used during registration. Go to your
Sporcle Settings
to finish the process.
Report this User
Report this user for behavior that violates our
Community Guidelines
.
Details:
Send Report
Go to the Sporcle.com Mobile Site →
Comments